Cries for peace (Record no. 39177)

MARC details
000 -LEADER
fixed length control field 00618nam a2200157 a 4500
008 - FIXED-LENGTH DATA ELEMENTS--GENERAL INFORMATION
fixed length control field 120416s0000 ||||||||||||||||| || u
020 ## - INTERNATIONAL STANDARD BOOK NUMBER
International Standard Book Number 4789002055
050 ## - LIBRARY OF CONGRESS CALL NUMBER
Classification number D 811.A2.J3 Cri
100 ## - MAIN ENTRY--PERSONAL NAME
Personal name Gage, Richard L
245 10 - TITLE STATEMENT
Title Cries for peace
Statement of responsibility, etc. compiled by the Youth Division of Soka Gakkai
246 ## - VARYING FORM OF TITLE
Title proper/short title experiences of Japanese victims of world war II
260 ## - PUBLICATION, DISTRIBUTION, ETC.
Place of publication, distribution, etc. Tokyo
Name of publisher, distributor, etc. The Japan Times
Date of publication, distribution, etc. 1974 (1978)
300 ## - PHYSICAL DESCRIPTION
Extent 234p.
350 ## - PRICE (NR) (BK AM CF MU VM SE) [OBSOLETE]
Price 0.00
995 ## - RECOMMENDATION 995 [LOCAL, UNIMARC FRANCE]
-- 0.00
-- CBU-MAIN LIBRARY (Kitwe)
-- 1
-- 14.50
-- 1
-- AVAILABLE
-- Jun 23, 2006
-- Main Library Open Access Collection
Holdings
Withdrawn status Lost status Source of classification or shelving scheme Damaged status Not for loan Home library Current library Shelving location Date acquired Total Checkouts Full call number Barcode Date last seen Price effective from Koha item type
          CBU-MAIN LIBRARY, KITWE. CBU-MAIN LIBRARY, KITWE.   11/30/2022   D 811.A2.J3 Cri 000574 11/30/2022 11/30/2022 MONOGRAPH